Política salvaje /

La política ha tendido a identificarse con las instituciones del estado y las acciones de administración de poder y la competencia política partidaria. Uno de los motivos es que la modernidad política consiste, en una de sus trayectorias, en la monopolización del poder político y su organización en...

詳細記述

保存先:
書誌詳細
第一著者: Tapia, Luis
フォーマット: 不明
言語:Spanish
出版事項: Argentina : CLACSO; Waldhuter editores
シリーズ:Actualis
主題:
タグ: タグ追加
タグなし, このレコードへの初めてのタグを付けませんか!

MARC

LEADER 00000 a2200000 04500
001 43181
003 cru CIDCACS/IIS
005 20231207163328.0
008 050703s2011 ag spa d
020 |a 978-987-25178-7-8  
022 |a 978-987-25178-7-8  
040 |c cru CIDCACS/IIS  |a cru CIDCACS/IIS 
090 |a 04.04.02 T172p  
100 |a Tapia, Luis  
245 |a Política salvaje /   |c Luis Tapia  
260 |a Argentina :   |b CLACSO; Waldhuter editores  
300 |a 159 páginas  
440 |a Actualis  
500 |a Clasificación del SIBDI 32984 T172p  
520 |a La política ha tendido a identificarse con las instituciones del estado y las acciones de administración de poder y la competencia política partidaria. Uno de los motivos es que la modernidad política consiste, en una de sus trayectorias, en la monopolización del poder político y su organización en base a racionalidad formal e instrumental, en otra de su trayectoria se experimentan las luchas por la democratización del estado y la ampliación de los principios de igualdad. Las instituciones del estado nunca han logrado contener toda la vida política, a pesar de sus prácticas de monopolio y de los márgenes de democratización conquistados o introducidos en las maquinarias de dominación. Este libro piensa las formas de la vida política que se experimentan más allá del estado, por fuera, por debajo, contra, en particular aquellas que debilitan y disuelven las formas monopólicas y autoritarias del gobierno, esto es, las políticas salvajes.  
590 |a DISEMINAR052012/RRA/JUNIO2012  
650 |a MOVIMIENTOS SOCIALES  
650 |a PARTICIPACION POLITICA  
650 |a ESTADO  
650 |a TEORIA POLITICA  
650 |a COMPORTAMIENTO POLITICO  
650 |a CONFLICTOS SOCIALES  
650 |a  BOLIVIA  
942 |2 z  |c LI  |h 04.04.02 T172p   |i 13104  |6 040402_T172P_13104 
999 |c 19277  |d 19277